The next evolution of marketing.
| Main Author: | |
|---|---|
| Format: | Book |
| Published: |
New York:
McGraw Hill,
2010.
|
| Subjects: |
| LEADER | 00448cam a2200169 7i4500 | ||
|---|---|---|---|
| 001 | 0000026051 | ||
| 005 | 20110413090000.0 | ||
| 020 | 0 | 0 | |a 9780071625364 |
| 090 | 0 | 0 | |a B 658.8 |b GIL |
| 100 | 1 | 0 | |a Gilbreath |
| 245 | 1 | 0 | |a The next evolution of marketing. |
| 260 | 0 | 0 | |a New York: |b McGraw Hill, |c 2010. |
| 300 | # | # | |a 288 p. |
| 650 | 0 | 0 | |a Marketing |
| 650 | 0 | 0 | |a Advertising |
| 650 | 0 | 0 | |a Customer relations |
| 999 | |a B000028336 |b Book |c Book |e Business Information Centre | ||


